Una y otra vez / (Record no. 80460)

MARC details
000 -LEADER
campo de control de longitud fija 00472nam a2200157 i 4500
001 - NÚMERO DE CONTROL
campo de control 80460
003 - IDENTIFICADOR DE NÚMERO DE CONTROL
campo de control ES-MaACL
007 - CAMPO FIJO DE DESCRIPCIÓN FÍSICA--INFORMACIÓN GENERAL
campo de control de longitud fija t|
008 - DATOS DE LONGITUD FIJA--INFORMACIÓN GENERAL
campo de control de longitud fija 041028s1954 sp ||||1| spa d
100 1# - ENTRADA PRINCIPAL--NOMBRE DE PERSONA
Nombre de persona Hilton, James.
9 (RLIN) 63738
245 14 - MENCIÓN DEL TÍTULO
Título Una y otra vez /
Mención de responsabilidad, etc. James Hilton ; [versión española de Rosa S. de Naveira].
260 ## - PUBLICACIÓN, DISTRIBUCIÓN, ETC.
Lugar de publicación, distribución, etc. Barcelona :
Nombre del editor, distribuidor, etc. Exito,
Fecha de publicación, distribución, etc. [1954] (
Fabricante Duplex)
300 ## - DESCRIPCIÓN FÍSICA
Extensión 335 p. ;
Dimensiones 20 cm.
700 1# - ENTRADA AGREGADA--NOMBRE PERSONAL
Nombre de persona Naveira, Rosa S. de.
9 (RLIN) 85223
852 ## - LOCALIZACIÓN
Ubicación ES-MaACL
Número de control de estantería C-8780
Sublocalización o colección R.36133
Holdings
Estatus retirado Estado de pérdida Estado de daño No para préstamo Biblioteca de origen Biblioteca actual Ubicación en estantería Fecha de adquisición Fuente de adquisición Total de préstamos Signatura topográfica completa Código de barras Visto por última vez Precio de reemplazo Tipo de ítem Koha
        Biblioteca del Ateneo de Madrid Biblioteca del Ateneo de Madrid Sala Palomar 17/01/2008     C-8780 1084122 23/02/2023 23/02/2023 Libro impreso